Quizzes
Events
Quiz Creation
Community
Videos
Private Events
Remove Ads
Sign In
Join for FREE
Feedback
Dark Mode
Quiz Categories
Sports
Geography
Music
Movies
Television
Just For Fun
Miscellaneous
History
Literature
Language
Science
Gaming
Entertainment
Religion
Holiday
For Kids
Quiz Lab
Recent
Popular Today
Quiz Kudos Today
Editor Picks
Curator Picks
Quizzes by...
Day
Popularity
Type
Ratings
Length
Year
Community
Subscriptions
Recent Discussions
Orange Saloon
Badges
Playlists
Quests
Create
Leaderboards
Showdown
Live 5
Trivia Bingo
Activity
Puzzle Library
Sporcle Events
Private Events
Virtual Trivia
Globe League
Become a Host
Pub Owners
SporcleCon
Opinionation
Our Games
Videos
Blog
Mobile Apps
Partnerships
Remove Ads and Go Orange
Feedback
Gaming
Video Games
Board Games
Card Games
Pokémon
Mario
Nintendo
Minecraft
Console
Toys
Legend of Zelda
Gaming
Video Games
Board Games
Card Games
Pokémon
Mario
Nintendo
Minecraft
Console
Toys
Legend of Zelda
Random Quiz
Search Sporcle
×
Quiz Lab
Quiz Lab
Gaming
Video Games
Type in answers that appear in a list
Type in answers that appear in a list
Classic
Best Score? Go Orange.
Final Fantasy IX Trivia (Difficult) Stats
Can you name the Final Fantasy IX Triva (Difficult)?
By
crimsonandred88
14m
25 Questions
808 Plays
808 Plays
808 Plays
Comments
Comments
Give Quiz Kudos
Give Quiz Kudos
-
- Ratings
hide this ad
Replay
Link that replays current quiz
Next Quiz
Link to next quiz in quiz playlist
You Got
0%
They Got
Avg Score
64%
Avg Friend Score
Upgrade to see
Score Distribution
Jump to the score distribution portion of the page
Score
0/25
Timer
14:00
0
Plays Today
Hint
Answer
% Correct
At the beginning of the game, how old is Garnet?
16
98.4%
Out of all playable characters, who is the oldest?
Quina
89.8%
Which of Zidane's weapons deals the most base damage inside Ipsen's Castle?
Dagger
84.8%
How many dragons must be killed in order for Freya's Dragon Crest to reach 9999 damage?
100
81.3%
Where do the Genomes live after Terra's destruction?
Black Mage Village
80.4%
What did Quan plan to do with Vivi?
Eat him
79.8%
What do the dwarves of Conde Petie constantly shout?
Rally Ho!
76.8%
What is the Four-
Armed Man's real name?
Gilgamesh
76.5%
What item allows Dagger to summon Ark?
Pumice
75.8%
Wind-
elemental attacks do more damage if the target has what status effect?
Float
75.7%
What is Mist made of?
Souls
73.5%
What traditional job class is not represented at any point by a playable character?
Red Mage
72.1%
What is the name of Queen Brahne's airship?
The Red Rose
71.9%
Hint
Answer
% Correct
What is the name of the area where Zidane confronts Garland?
Pandemonium
69.5%
Three Genomes were given souls by Garland. Two of them are Zidane and Kuja. Who is the third?
Mikoto
68.4%
What beast is worth the most points during the Festival of the Hunt?
Zaghnol
60.6%
Square partnered with what company for a Final Fantasy IX themed ad campaign?
Coca-Cola
53.5%
What is the name of Baku's character in 'I Want to be Your Canary'?
King Leo
50.7%
What is Garnet/
Dagger's real mothers name?
Jane
50.4%
How many letters can be delivered for Mognet?
27
50.3%
Name one of the three bosses that Quina can Eat.
Maliris, Tiamat and Lich
43.5%
How old is the character from the previous question?
89
42.6%
What is the reward for finishing the Mognet sidequest?
Protect Ring
33.5%
What skill in the game is infamously glitched?
Thunder Slash
28.9%
Garland has the appearance of an old man, but what is he really?
Android
28.7%
Quiz Playlist
Details
Report
Send in Message
Add To Playlist
Classic:
Type in answers that appear in a list
Last Updated: Feb 16, 2017
Quiz Scoreboard
CHALLENGE
Sign Up to Join the Scoreboard
Show All
Scores
Hide
Comments
May contain spoilers
Recently Published
An Introduction to Baseball
by treessimontrees
Sports
5m
Movies - When Are They Set?
by FPL_Elf
Movies
5m
Popular People in 1961
by mucciniale
History
6m
More to Explore
Quiz From the Vault
Featured Blog Post
Where Did the Easter Bunny Come From?
hide this ad
You Might Also Like...
Tags
Video Games Quiz
difficult
Fantasy
final
Final Fantasy
Final Fantasy IX
location
Playstation
rpg
RPG Legend
Today's Top Quizzes in Gaming
Browse Gaming
hide this ad
Today's Top Quizzes in Video Games
Browse Video Games
Top Contributed Quizzes in Gaming
1
5-to-1: Consoles
2
Destiny 2 exotic weapons by perk icons
3
7-to-1: Board Game Piece Blitz
4
5-to-1: Legend of Zelda
5
Ultimate Genshin Impact Logic Puzzle (up to 4.3)
6
Franchise by Action Figure
7
Overwatch Logic Puzzle
8
Who's on the WWE 2K24 Cover?
9
Genshin Impact Logic Puzzle Quiz
10
Windmill: Pokémon
Explore More
Trending Topics
Crossword
Kpop
Harry Potter
Marvel
NBA
Disney
Anime
WWE
Soccer
Puzzle
Country
Pokémon
NFL
Song
The Office
hide this ad
More By:
crimsonandred88
Quiz
Plays
Rating
Category
Featured
Created
Warcraft Lore Figures
1,317
4.80
Gaming
Jan 29, 2015
Members of SAMCRO
858
3.00
Television
Sep 11, 2013
Final Fantasy IX Trivia (Difficult)
808
5.00
Gaming
Aug 2, 2013
Dragon Ball Z Trivia (Hard)
780
2.20
Television
Jul 22, 2013
Star Wars: Sith Lords
761
3.00
Entertainment
Feb 9, 2015
Go to Creator's Profile
Score Distribution
Quiz Creator Spotlight
crimsonandred88
Follow
Send a Message
Quizzes Created
-
Created Quiz Play Count
-
More By This Creator
Popular Quizzes Today
1
Find the Countries of Europe - No Outlines Minefield
2
Find the US States - No Outlines Minefield
3
The Countries of the World
4
Popular People in 1961
5
Find the US States
6
US States
7
1-10 Letter E Words III
8
Risky Map Clicking: Biggest States A-Z
More Gaming Quizzes
WWE All Stars Poster
Quiz Lab
Trending Quizzes
Risky Map Clicking: Least Populous States A-Z
1-10 Letter F Words
1-10 Letter G Words
One Thing in Common: United Kingdom
Risky Map Clicking: Next State Alphabetically
Recently Updated
Leaping Animals
pecheneg
Reality TV Shows (A-Z)
bhenderson79
Rickey Henderson's Hall of Fame Teammates
pecheneg
Champions League XIs: Arsenal
pecheneg
Quick Pick: Celebrities in WWE's Hall of Fame
aduchscher
A-Z Keypad Blitz II
pecheneg
Multiple Oscar Actors
pecheneg
Mystery Phrase Blitz: Oscar 'Best Actors'
pecheneg
F. Scott Fitzgerald Novels
LTH
Pick 3 Villains
ddd62291
Trending Topics
Kpop
Crossword
Marvel
NBA
Disney
Anime
Harry Potter
NFL
Country
WWE
Puzzle
Song
Soccer
The Office
Pokémon
Your Account Isn't Verified!
In order to create a playlist on Sporcle, you need to verify the email address you used during registration. Go to your
Sporcle Settings
to finish the process.
Report this User
Report this user for behavior that violates our
Community Guidelines
.
Details:
Send Report
Go to the Sporcle.com Mobile Site →
Comments